El gran libro de Android (Registro nro. 13063)
[ vista simple ]
| 000 -CABECERA | |
|---|---|
| campo de control de longitud fija | 00854ntm a22003257a 4500 |
| 005 - FECHA Y HORA DE ACTUALIZACIÓN | |
| campo de control | 20230620153131.0 |
| 008 - LONGITUD FIJA | |
| campo de control de longitud fija | 210625b2018 xxu||||| |||| 00| 0 spa d |
| 020 ## - INTERNATIONAL STANDARD BOOK NUMBER | |
| Número Internacional Estándar del Libro | 9786075380919 |
| 041 ## - IDIOMA | |
| Código de idioma del texto/pista de sonido o título separado | Español |
| 082 ## - CLASIFICACIÓN DECIMAL DEWEY | |
| Número de clasificación | 005.1 T655g6 |
| 100 ## - AUTOR PERSONAL | |
| Nombre de persona | Tomás, Jesús |
| 245 ## - TÍTULO PROPIAMENTE DICHO | |
| Título | El gran libro de Android |
| 250 ## - EDICIÓN | |
| Mención de edición | 6 edición |
| 260 ## - PIE DE IMPRENTA | |
| Lugar de publicación, distribución, etc. | México |
| 260 ## - PIE DE IMPRENTA | |
| Nombre del editor, distribuidor, etc. | Alfaomega |
| 260 ## - PIE DE IMPRENTA | |
| Fecha de publicación, distribución, etc. | 2018 |
| 300 ## - DESCRIPCIÓN FÍSICA | |
| Extensión | 552 páginas |
| 650 ## - Materia General | |
| Materia general | ANDROID |
| 650 ## - Materia General | |
| Materia general | INTERFAZ DE USUARIO |
| 650 ## - Materia General | |
| Materia general | GRÁFICOS |
| 650 ## - Materia General | |
| Materia general | HILOS DE EJECUCIÓN |
| 650 ## - Materia General | |
| Materia general | SENSORES |
| 650 ## - Materia General | |
| Materia general | MULTIMEDIA |
| 650 ## - Materia General | |
| Materia general | SEGURIDAD |
| 650 ## - Materia General | |
| Materia general | POSICIONAMIENTO |
| 650 ## - Materia General | |
| Materia general | RECEPTORES DE ANUNCIOS |
| 650 ## - Materia General | |
| Materia general | ALMACENAMIENTO DE DATOS |
| 650 ## - Materia General | |
| Materia general | INTERNET |
| 942 ## - Punto de Acceso Adicional Koha | |
| Tipo de ítem Koha | Libro |
| Estado perdido | Estado dañado | No para préstamo | Biblioteca permanente | Biblioteca actual | Signatura completa | Código de barras | Precio efectivo a partir del | Tipo de ítem |
|---|---|---|---|---|---|---|---|---|
| Departamento de Biblioteca y Documentación Alfonso Chase Brenes | Departamento de Biblioteca y Documentación Alfonso Chase Brenes | 005.1 T655g6 | 25257 | 25/06/2021 | Libro |